000 01635 a2200373 4500
001 200422910
999 _c200422910
_d39863
003 TR-AnTOB
005 20230706174006.0
008 150930b tu 000 0
020 _a9789211128253
040 _btur
_dTR-AnTOB
_erda
041 0 _aeng
050 0 0 _aHC800
_b.E27165 2011
090 _aHC800 .E27165 2011
245 1 0 _aEconomic development in Africa report 2011 :
_bfostering industrial development in Africa in the new global environment /
_cUnited Nations Industrial Development Organization, United Nations Conference on Trade and Development.
246 1 _aFostering industrial development in Africa in the new global environment
264 _aNew York :
_bUnited Nations Conference on Trade and Development,
_c2011.
300 _aix, 123 pages :
_billustrations, map ;
_c21 cm.
336 _atext
_2rdacontent
337 _aunmediated
_2rdamedia
338 _avolume
_2rdacarrier
504 _aIncludes bibliographical references (p. 115-121).
590 _aDonated by The World Bank/TEPAV
650 0 0 _aIndustrialization
_zAfrica
_9109356
650 0 0 _aIndustrial policy
_zAfrica
_9109357
650 0 0 _aEconomic development
_zAfrica
_xInternational cooperation
_9109358
651 0 _aAfrica
_xForeign economic relations
_zDeveloping countries
_9109345
651 0 _aDeveloping countries
_xForeign economic relations
_zAfrica
_9109346
651 0 _aAfrica
_xEconomic conditions
_y1960-
_969261
710 _aUnited Nations Industrial Development Organization
_943398
710 _aUnited Nations Conference on Trade and Development
_933443
942 _cBK